000 00497nam a2200181Ia 4500
005 20250508150901.0
008 008 250505s9999 xx 000 0 hin d
037 _aTextual
040 _aFEDL
_beng
_cFEDL
041 _ahin
_2hin
084 _aFH, KIS
_qFEDL
100 _aKishor Giriraj
245 0 _aHindustani kahani-sangrah. Part 1
260 _aAhmedabad, India
_bNavajivan Publishing House
_c1941
300 _a32p.
942 _cTEXL
_hFH, KIS
999 _c1326303
_d1326303